00693nam a2200229 a 4500001001300000003000900013005001700022008004100039020002300080082001300103100001700116245005800133260005000191300000900241500003500250505001900285650001300304902000800317942000700325952011400332999001700446nice12345678IN_TiNIC20260116014708.0100924s2010 newa grp 000 0 eng  a9788130915692c49500a190bAHM aAhmed, Feroz aScientific Humanismb Repositioning, Indian Education aNew Delhi bViva Books Private Limited c2010 a186p aincludes index and biblioraphy2 aEpilogue,Index aHumanism bSRS cBK 001040708StackRoom-aHMIbHMId2010-09-27g495.00l0o190 AHMp023371r2010-09-27v495.00w2010-09-24yBK c16500d16500